000 00635nam a2200277Ia 4500
005 20260324133044.0
008 008 260324s9999 xx 000 0 eng d
020 _a9781315828633
037 _aEBOOK
040 _aCRL
040 _beng
040 _cCRL
041 _2eng
041 _aeng
084 _qCRL
100 _aCarmen Caballero-Navas
_91191624
245 4 _aThe Book Of Women's Love
260 _bTaylor and Francis
260 _c2004
365 _a
365 _b350
856 _uhttp://www.taylorfrancis.com/books/9781315828633
942 _cEBOOK
999 _c1790324
_d1790324